Score 0/14 Timer 02:00
0 Plays Today
Song Title Missing Word % Correct
Leaving on a Jet _____Plane
97.2%
Midnight _____ to GeorgiaTrain
96%
Drive My _____Car
94.2%
_____ to HellHighway
91.3%
I'm Gonna Be (500 _____)Miles
85.1%
Little Red _____Corvette
80.5%
COMMON BOND:Transportation
79.7%
Song Title Missing Word % Correct
_____ ManRocket
78.5%
Pink _____Cadillac
71%
Little Deuce _____Coupe
64.8%
Slow _____Ride
55.6%
See the U.S.A. in Your _____Chevrolet
39%
Black _____Limousine
6.5%
_____ SidePassenger
5%

Today's Daily Dose

Remove Ads.
Support Sporcle.
Get the best of Sporcle when you Go Orange. This ad-free experience offers more features, more stats, and more fun while also helping to support Sporcle. Thank you for becoming a member.

You're not logged in!

Compare scores with friends on all Sporcle quizzes.
OR
Log In

Show Comments

Extras

Top Quizzes Today


Score Distribution

Your Account Isn't Verified!

In order to create a playlist on Sporcle, you need to verify the email address you used during registration. Go to your Sporcle Settings to finish the process.

Report this User

Report this user for behavior that violates our Community Guidelines.

Details: